Southville International School and Colleges
Your cart is empty.
  • Cart
  • Lists
    Public lists Eva Luna New books Lux_list list_1
    Your lists Log in to create your own lists
  • Log in to your account
  • Your cookies
  • Search history
Southville International School and Colleges
  • Advanced search
  • Recent comments
  • Most popular
  • Libraries

Log in to your account

Log in with GOOGLE


If you do not have an external account, but do have a local account, you can still log in:

  1. Home
  2. MARC view: Python all-in-one for dummies /
Normal view MARC view ISBD view

Python all-in-one for dummies / (Record no. 366614)

[ view plain ]
MARC details
000 -LEADER
fixed length control field 00668nam a22002177a 4500
003 - CONTROL NUMBER IDENTIFIER
control field 0
005 - DATE AND TIME OF LATEST TRANSACTION
control field 20241026082041.0
008 - FIXED-LENGTH DATA ELEMENTS--GENERAL INFORMATION
fixed length control field 241026b xxu||||| |||| 00| 0 eng d
020 ## - INTERNATIONAL STANDARD BOOK NUMBER
International Standard Book Number 9781394236152
050 ## - LIBRARY OF CONGRESS CALL NUMBER
Classification number QA 76.73
Item number .Sh56 2024
100 ## - MAIN ENTRY--PERSONAL NAME
Personal name Shovic, John C.,
Relator term author.
245 ## - TITLE STATEMENT
Title Python all-in-one for dummies /
Statement of responsibility, etc by John C. Shovic and Alan Simpson.
250 ## - EDITION STATEMENT
Edition statement 3rd ed.
260 ## - PUBLICATION, DISTRIBUTION, ETC. (IMPRINT)
Place of publication, distribution, etc Hoboken, NJ :
Name of publisher, distributor, etc John Wiley & Sons, Inc.,
Date of publication, distribution, etc 2024.
300 ## - PHYSICAL DESCRIPTION
Extent xviii, 682 p. :
Other physical details ill. ;
Dimensions 24 cm.
504 ## - BIBLIOGRAPHY, ETC. NOTE
Bibliography, etc Includes index.
650 ## - SUBJECT ADDED ENTRY--TOPICAL TERM
Topical term or geographic name as entry element Python (Computer program language).
650 ## - SUBJECT ADDED ENTRY--TOPICAL TERM
Topical term or geographic name as entry element Computer programming.
700 ## - ADDED ENTRY--PERSONAL NAME
Personal name Simpson, Alan,
Relator term author.
942 ## - ADDED ENTRY ELEMENTS (KOHA)
Source of classification or shelving scheme Library of Congress Classification
Koha item type Books
Holdings
Withdrawn status Lost status Source of classification or shelving scheme Damaged status Home library Current library Shelving location Date acquired Source of acquisition Sub Shelving location Total Checkouts Full call number Barcode Checked out Date last seen Date checked out Price effective from Koha item type
    Library of Congress Classification   College Library College Library Reserve Section 10/26/2024 Library Fund   2 QA 76.73 .Sh56 2024 C23831 03/05/2026 02/26/2026 02/26/2026 10/26/2024 Books

Python all-in-one for dummies /

APA

Shovic J. C., Simpson A., . (2024). Python all-in-one for dummies. Hoboken, NJ: John Wiley & Sons, Inc.

Chicago

Shovic John C, Simpson Alan, . 2024. Python all-in-one for dummies. Hoboken, NJ: John Wiley & Sons, Inc.

Harvard

Shovic J. C., Simpson A., . (2024). Python all-in-one for dummies. Hoboken, NJ: John Wiley & Sons, Inc.

MLA

Shovic John C, Simpson Alan, . Python all-in-one for dummies. Hoboken, NJ: John Wiley & Sons, Inc. 2024.

  • Place hold
  • Print
  • Cite
  • Add to your cart (remove)
  • Save record
    BIBTEX Dublin Core MARCXML MARC (non-Unicode/MARC-8) MARC (Unicode/UTF-8) MARC (Unicode/UTF-8, Standard) MODS (XML) RIS
  • More searches
    Search for this title in:
    Other Libraries (WorldCat) Other Databases (Google Scholar) Online Stores (Bookfinder.com) Open Library (openlibrary.org)

Exporting to Dublin Core...

SOUTHVILLE LIBRARY

Southville International School and Colleges Library

1281 Tropical Ave. Cor. Luxembourg St., BF Homes International, Las Pinas City

Tel. No. 8256374 / 252358 Loc. 117/146

Powered by Koha